Find The Mystery Country Using Miles Clues #2 - Statistics

General Stats
  • This quiz has been taken 1,671 times
  • The average score is 73 of 196
Answers on the Map
Answers color-coded by a green-red scale on the quiz's map according to % correct below.
 
Answer Stats
Miles Away Country % Correct
2,125 Russia
78%
7,120 United States
77%
1,809 China
72%
1,342 India
68%
5,988 Australia
59%
1,080 Iran
57%
8,602 Brazil
56%
5,868 Canada
55%
3,503 United Kingdom
55%
3,587 Japan
50%
1,848 Saudi Arabia
49%
2,468 Egypt
48%
8,095 Mexico
48%
1,923 Turkey
48%
3,438 France
47%
3,844 Indonesia
46%
3,035 Italy
46%
669 Kazakhstan
46%
4,323 Democratic Republic of the Congo
45%
1,583 Iraq
45%
1,724 Mongolia
45%
596 Pakistan
45%
3,862 Spain
45%
1,504 Oman
44%
2,996 Germany
43%
5,712 South Africa
43%
393 Afghanistan
42%
2,119 Yemen
42%
3,985 Algeria
41%
2,998 Denmark
41%
4,416 Republic of the Congo
41%
2,873 Chad
40%
2,621 Greece
40%
3,831 Iceland
40%
1,031 Nepal
40%
3,027 Norway
40%
3,079 Sudan
40%
2,678 Sweden
40%
2,397 Thailand
40%
2,083 Ukraine
40%
1,477 United Arab Emirates
40%
394 Uzbekistan
40%
7,804 Cuba
39%
7,736 Dominican Republic
39%
2,477 Finland
39%
2,465 Maldives
39%
2,806 Somalia
39%
2,220 Sri Lanka
39%
629 Turkmenistan
39%
10,021 Argentina
38%
1,262 Azerbaijan
38%
10,388 Chile
38%
2,116 Israel
38%
4,306 Morocco
38%
4,030 Niger
38%
2,620 Poland
38%
2,825 Vietnam
38%
7,575 Bahamas
37%
8,471 Guatemala
37%
7,793 Haiti
37%
3,711 Ireland
37%
8,002 Jamaica
37%
245 Kyrgyzstan
37%
2,273 Laos
37%
3,212 Libya
37%
4,281 Madagascar
37%
3,070 Malaysia
37%
4,680 Mali
37%
8,515 New Zealand
37%
8,697 Panama
37%
3,555 Philippines
37%
2,377 Romania
37%
3,056 South Korea
37%
1,796 Syria
37%
1,396 Armenia
36%
8,344 Belize
36%
2,746 Cambodia
36%
8,712 Colombia
36%
7,252 Georgia
36%
2,055 Jordan
36%
1,506 Kuwait
36%
1,868 Myanmar
36%
2,942 North Korea
36%
5,575 Papua New Guinea
36%
9,508 Peru
36%
4,107 Portugal
36%
1,494 Qatar
36%
3,304 Singapore
36%
3,071 Taiwan
36%
4,869 Angola
35%
2,852 Austria
35%
1,490 Bahrain
35%
1,532 Bangladesh
35%
1,352 Bhutan
35%
3,835 Central African Republic
35%
2,088 Cyprus
35%
7,594 Dominica
35%
8,575 El Salvador
35%
2,798 Ethiopia
35%
8,424 Honduras
35%
7,953 Kiribati
35%
2,429 Latvia
35%
1,987 Lebanon
35%
8,549 Nicaragua
35%
4,355 Nigeria
35%
8,303 Venezuela
35%
7,639 Barbados
34%
2,262 Belarus
34%
3,260 Belgium
34%
9,300 Bolivia
34%
5,188 Botswana
34%
3,603 Brunei
34%
2,379 Bulgaria
34%
8,708 Costa Rica
34%
4,798 East Timor
34%
9,229 Ecuador
34%
2,438 Estonia
34%
5,318 Federated States of Micronesia
34%
7,865 Fiji
34%
4,921 Ghana
34%
7,787 Grenada
34%
2,438 Lithuania
34%
3,077 Malta
34%
7,543 Saint Kitts and Nevis
34%
7,662 Saint Lucia
34%
7,710 Saint Vincent and the Grenadines
34%
5,364 Senegal
34%
2,586 Serbia
34%
3,171 Seychelles
34%
2,606 Slovakia
34%
2,848 Slovenia
34%
3,323 South Sudan
34%
3,152 Switzerland
34%
4,793 Togo
34%
7,845 Trinidad and Tobago
34%
3,384 Tunisia
34%
9,468 Uruguay
34%
3,040 Vatican City
34%
2,669 Albania
33%
3,556 Andorra
33%
7,521 Antigua and Barbuda
33%
4,638 Benin
33%
2,749 Bosnia and Herzegovina
33%
4,238 Cameroon
33%
5,729 Cape Verde
33%
3,924 Comoros
33%
2,852 Croatia
33%
2,788 Czechia
33%
2,564 Djibouti
33%
2,512 Eritrea
33%
5,194 Eswatini
33%
4,653 Gabon
33%
5,454 Gambia
33%
5,302 Guinea
33%
8,051 Guyana
33%
2,626 Hungary
33%
5,181 Ivory Coast
33%
3,415 Kenya
33%
2,609 Kosovo
33%
5,479 Lesotho
33%
3,086 Liechtenstein
33%
3,199 Luxembourg
33%
6,432 Marshall Islands
33%
4,912 Mauritania
33%
4,184 Mauritius
33%
2,211 Moldova
33%
2,684 Montenegro
33%
4,595 Mozambique
33%
5,463 Namibia
33%
6,541 Nauru
33%
3,203 Netherlands
33%
2,582 North Macedonia
33%
4,461 Palau
33%
9,316 Paraguay
33%
3,851 Rwanda
33%
8,232 Samoa
33%
3,002 San Marino
33%
4,862 Sao Tome and Principe
33%
6,572 Solomon Islands
33%
7,964 Suriname
33%
3,894 Tanzania
33%
8,362 Tonga
33%
7,401 Tuvalu
33%
3,568 Uganda
33%
7,176 Vanuatu
33%
4,551 Zambia
33%
4,835 Zimbabwe
33%
4,768 Burkina Faso
32%
3,927 Burundi
32%
4,607 Equatorial Guinea
32%
5,517 Guinea-Bissau
32%
5,437 Liberia
32%
4,316 Malawi
32%
3,247 Monaco
32%
5,477 Sierra Leone
32%
0 Tajikistan
32%
No matching quizzes found
Score Distribution
Percent of People with Each Score
Percentile by Number Answered
Your Score History
You have not taken this quiz